| 000 | 00550nam a2200205 i 4500 | ||
|---|---|---|---|
| 001 | bgj | ||
| 100 | 1 |
_aHAMMETT, Dashiell _d(1894-1961) |
|
| 245 | 1 | 0 |
_aThe Maltese Falcon / _cDashiell Hammet. |
| 260 |
_aNew York : _bVintage Books, _c1972. |
||
| 300 |
_a229 pp ; _c18 cm. |
||
| 650 | 9 |
_aPrivate investigators _xFiction |
|
| 650 | 9 | _aMystery fiction | |
| 650 | 9 | _aDetective and mystery stories | |
| 020 | _a0394717724 | ||
| 040 | _cBPK | ||
| 041 | 0 | _aeng | |
| 920 | _a0-394-71772-4 | ||
| 942 | _cKS | ||
| 008 | s uk f |000 0 eng | ||
| 999 |
_c48696 _d48696 |
||
| 856 |
_uhttp://koha.tu.koszalin.pl/cgi-bin/koha/opac-detail.pl?biblionumber=48696 _yKatalog online BPK |
||